书目信息 |
| 题名: |
国际工程承包
|
|
| 作者: | 何伯森 主编 | |
| 分册: | ||
| 出版信息: | 北京 中国建筑工业出版社 2000.06 |
|
| 页数: | 255页 | |
| 开本: | 16开 | |
| 丛书名: | ||
| 单 册: | ||
| 中图分类: | F752.68 | |
| 科图分类: | ||
| 主题词: | 对外贸易--世界 | |
| 电子资源: | ||
| ISBN: | 7-112-04032-9 | |
| 000 | 00559nam0 2200193 45 | |
| 001 | 0011201408 | |
| 005 | 20001120144750.0 | |
| 010 | @a7-112-04032-9@d16.90元 | |
| 100 | @a20001120d2000 km y0chiy0120 ea | |
| 101 | 0 | @achi |
| 105 | @a z 000yy | |
| 200 | 1 | @a国际工程承包@AGuo Ji Gong Cheng Cheng Bao@f何伯森主编@FHe Bo Sen Zhu Bian |
| 210 | @a北京@c中国建筑工业出版社@d2000.06 | |
| 215 | @a255页@d16开 | |
| 606 | 0 | @a对外贸易@x世界 |
| 690 | @aF752.68@v3 | |
| 701 | 0 | @a何伯森@4主编 |
| 801 | @aCN@bPftUser@c20001120 | |
| 905 | @b417562-571@dF752.68@eH751@f10 | |
| 国际工程承包/何伯森主编.-北京:中国建筑工业出版社,2000.06 |
| 255页;16开 |
| ISBN 7-112-04032-9:16.90元 |
| ● |
| 相关链接 |
|
|
|
正题名:国际工程承包
索取号:F752.68/H751
 
预约/预借
| 序号 | 登录号 | 条形码 | 馆藏地/架位号 | 状态 | 备注 |
| 1 | 417562 | 204175622 | 社科库409/422社科库 35排4列1层/ [索取号:F752.68/H751] | 在馆 | |
| 2 | 417563 | 204175631 | 社科库409/409社科库 48排6列5层/ [索取号:F752.68/H751] | 在馆 | |
| 3 | 417564 | 204175640 | 社科库409/422社科库 35排4列1层/ [索取号:F752.68/H751] | 在馆 | |
| 4 | 417565 | 204175659 | 社科库409/422社科库 35排4列1层/ [索取号:F752.68/H751] | 在馆 | |
| 5 | 417566 | 204175668 | 社科库409/422社科库 35排4列1层/ [索取号:F752.68/H751] | 在馆 | |
| 6 | 417567 | 204175677 | 社科库409/422社科库 35排4列1层/ [索取号:F752.68/H751] | 在馆 | |
| 7 | 417568 | 204175686 | 社科库409/422社科库 35排4列1层/ [索取号:F752.68/H751] | 在馆 | |
| 8 | 417570 | 204175702 | 社科库409/422社科库 35排4列1层/ [索取号:F752.68/H751] | 在馆 | |
| 9 | 417571 | 204175711 | 社科库409/ [索取号:F752.68/H751] | 在馆 |